Statistiques concernant Les pays vainqueurs de la coupe du monde de football

Cliquez ici pour prendre le quiz!

Statistiques générales

  • Ce quiz a été pris 604 fois
  • Le résultat moyen est 20 sur 22

Statistiques - réponses

HintRéponse% Correct
1994Brésil
100%
1958Brésil
100%
1962Brésil
100%
1970Brésil
100%
2002Brésil
100%
2014Allemagne
99%
2022Argentine
99%
1978Argentine
99%
1986Argentine
99%
2018France
99%
1998France
99%
2010Espagne
97%
2006Italie
97%
1982Italie
97%
1938Italie
97%
1934Italie
97%
1966Angleterre
92%
1950Uruguay
91%
1930Uruguay
91%
1990RFA
56%
1974RFA
56%
1954RFA
56%

Distribution des résultats

Percentile par nombre de réponses

% des personnes avec chaque résultat

Votre développement - résultats

Vous n’avez pas pris ce quiz